000 01512cam a22004214i 4500
003 PE-LiUPU
005 20250731175626.0
008 190107s2017 mau r 000 0 eng d
020 _a9781683070658
020 _a1683070658
035 _a(Sirsi) a251306
040 _aPE-LiUPU
_bspa
_cPE-LiUPU
_erda
041 1 _aarc
_aeng
049 _aPRUA
082 0 4 _a492.29
_bK62
_220
100 1 _aKline, Jonathan G.,
_eautor
245 1 0 _aKeep up your biblical Aramaic in two minutes a day :
_b365 selections for easy review /
_ccompiled and edited by Jonathan G. Kline.
264 1 _aPeabody, Massachusetts :
_bHendrickson Publishers,
_c2017.
300 _axiv, 369 páginas ;
_c20 centímetros
336 _atext
_2rdacontent
337 _aunmediated
_2rdamedia
338 _avolume
_2rdacarrier
504 _aÍndice : páginas 367-369.
505 0 _aKeep up your biblical aramaic in two minutes a day -- Index of scripture references.
526 _aP145
526 _aP127
526 _aP97
526 _aP35
526 _aP14
526 _aP07
650 0 4 _aIdioma arameo
_vLectores
910 _adbm
_bncf
_cncf
_d20190107
942 _2ddc
_cBOOK
994 _aC0
_bPEPRU
596 _a1
999 _a492.29 K62
_wDEWEY
_c30725
_i79722
_d30725
_f2021-11-11
_g4
_lCCODEBUL1
_mBUL
_p31.86
_q1
_r0
_sY
_tBOOK
_u2019-1-7
_xTEOLOGIA
_PP85
_0COMPRA
_1FCOMPR2
_o.STAFF. Colección Teología
980 _81
_gALBERTO SANCHEZ Responsable de Automatización